| 000 | 00000nam 2200000za 4500 |
| 001 | 9.832772 |
| 003 | CaOODSP |
| 005 | 20221107150048 |
| 007 | cr ||||||||||| |
| 008 | 170222s1970 oncd||||o f|0| 0 eng d |
| 040 | |aCaOODSP|beng |
| 043 | |an-cn--- |
| 086 | 1 |aCS99-546/1970E-PDF|zCS99-546/1970 |
| 100 | 1 |aKalbach, Warren E.,|d1922- |
| 245 | 14|aThe impact of immigration on Canada's population |h[electronic resource] / |cby Warren E. Kalbach. |
| 260 | |aOttawa : |bDominion Bureau of Statistics, |c1970. |
| 300 | |axxxiv, 465 p. : |bcharts. |
| 490 | 0 |a1961 Census monograph |
| 500 | |a"One of a series of 1961 census monographs prepared for the Census Division, Dominion Bureau of Statistics." |
| 500 | |aDigitized edition from print [produced by Statistics Canada]. |
| 504 | |aIncludes bibliographical references. |
| 520 | |a"Few people would question the importance of migration for Canada's relatively short history. The emergence of Canada as a nation, like that of the United States, was a product of the unique conditions and developments in Western Europe which gave rise to the era of exploration and subsequent migration of millions of Europeans to the New World. Those who were among the first to establish themselves, i.e., the French and the British, set the basic character of Canada's population and the criteria by which the desirability of all subsequent immigration was to be judged. ..."--Intro. |
| 692 | 07|2gccst|aCensus data |
| 692 | 07|2gccst|aImmigration |
| 710 | 1 |aCanada. |bDominion Bureau of Statistics. |
| 856 | 40|qPDF|s15.47 MB|uhttps://publications.gc.ca/collections/collection_2017/statcan/CS99-546-1970-eng.pdf |